Statistics for French or Spanish?

Click here to take the quiz!

General Stats

  • This quiz has been taken 69 times
  • The average score is 13 of 15

Answer Stats

QuestionAnswer% Correct
AvoirFrench
98%
êtreFrench
97%
CentFrench
93%
ManteauFrench
93%
DarSpanish
93%
Gafas de solSpanish
93%
ÉtudierFrench
90%
PleurerFrench
90%
PoderSpanish
90%
Chaqueta de esquíSpanish
88%
SaludSpanish
85%
SaberSpanish
83%
RegarderFrench
82%
DecirSpanish
77%
MirerSpanish
47%

Score Distribution

Percentile by Number Answered

Percent of People with Each Score

Your Score History

You have not taken this quiz